Viac pozornosti technickému stavu kotolní Závažné nedostatky v hospodárení s palivami

Bibliographic Details
Main Author: Ondera, Peter, 1957- (Author)
Format: Article
Language:Slovak
Subjects:

MARC

LEADER 00000nab a2200000 a 4500
001 vtls000132075
003 SK-MaSNL
005 20260303032310.0
008 111104c1982 xo 0 slo
015 |a SNBRB19rr/mm-uuuuu 
035 |a CL0142181 
040 |a SNKBUCL  |b slo  |c SNKBUCL  |e AACR2 
041 0 |a slo 
044 |a xo  |c SK 
080 |a 620.9  |2 1981 
100 1 |a Ondera, Peter,  |d 1957-  |4 aut  |9 38176 
245 1 0 |a Viac pozornosti technickému stavu kotolní  |b Závažné nedostatky v hospodárení s palivami  |c Peter Ondera 
650 0 7 |a energetika  |2 snkbucl  |9 3680 
650 0 7 |a palivá  |2 snkbucl  |9 20464 
655 7 |a články z novín a časopisov  |2 snkbucl  |9 267496 
773 0 |t Pravda  |g Roč. 63, č. 296 (14. 12. 1982), s. 1-2 
850 |a Slovenská národná knižnica v Martine  |a MTA001 
852 |a SNK  |b KIS3GCP 
958 |a RK 
992 |a RBX 
999 |c 1663585  |d 1665515